Bilecik Bilecik Bilecik Bilecik Bilecik

Sources of the West : (Record no. 23509)

MARC details
000 -BAŞLIK
Sabit Uzunluktaki Kontrol Alanı 00954nam a22002897a 4500
001 - KONTROL NUMARASI
Control Dosyası 0023554
003 - KONTROL NUMARASI KİMLİĞİ
Kontrol Alanı KOHA_MİRAKIL
005 - EN SON İŞLEM TARİHİ ve ZAMANI
Kontrol Alanı 20260207002414.0
007 - FİZİKSEL TANIM SABİT ALAN - GENEL BİLGİ
Sabit uzunluklu kontrol alanı ta
008 - SABİT UZUNLUKTAKİ VERİ ÖGELERİ - GENEL BİLGİ
Sabit Alan 101028b1995 us |||gr||||#||||0|eng |
020 ## - ISBN - ULUSLARARASI STANDART KİTAP NUMARASI
Isbn 067399290X
Nitelik bilgileri (v. 1) 0673992918
-- (v.2)
040 ## - KATALOGLAMA KAYNAĞI
Özgün Kataloglama Kurumu TR-BiSEU
Kataloglama Dili tur
Çeviri Kurumu TR-BiSEU
Açıklama Kuralları rda
041 0# - DİL KODU
Metin ya da ses kaydının dil kodu eng
044 ## - YAYINLAYAN/ÜRETEN KURULUŞUN ÜLKE KODU
ISO country code nyu
050 ## - SINIFLAMA ve YER NUMARASI
Sınıflama Numarası CB245
Yer Numarası .S578 1995
245 0# - ESER ADI BİLDİRİMİ
Başlık Sources of the West :
Alt Eseradı vb. readings for Western civilization/
Sorumluluk Bildirimi Mark A. Kishlansky ; with the assistance of Victor Stater..
250 ## - BASIM BİLDİRİMİ
Basım Bildirimi 2nd ed.
264 #1 - ÜRERİM, YAYIN, DAĞITIM ve TELİF BİLDİRİMİ
Yayın yeri New York :
Yayınlayan HarperCollins College Publishers
Yayın tarihi 1995
300 ## - FİZİKSEL TANIMLAMA
Sayfa, Cilt vb. s. cm.
336 ## - İÇERİK TÜRÜ
Content type term metin
Content type code txt
Source rdacontent
337 ## - MEDYA TÜRÜ
Media type term aracısız
Media type code n
Source rdamedia
338 ## - TAŞIYICI TÜRÜ
Carrier type term cilt
Carrier type code nc
Source rdacarrier
500 ## - GENEL NOT
Genel Not Kaynakça var.
500 ## - GENEL NOT
Genel Not v. 1. From the beginning to 1648 -- v. 2. From the Ancien Régime to the present.
650 #0 - KONU BAŞLIĞI EK GİRİŞ - KONU TERİMİ
Konusal terim veya coğrafi ad Civilization, Western--History--Sources.
9 (RLIN) 48529
942 ## - EK GİRİŞ ÖGELERİ (KOHA)
Source of classification or shelving scheme Library of Congress Classification
Koha item type Book
Holdings
Materyal Türü Kalıcı Konum Mevcut Konum Raf Yeri Sınıflandırma Kaynağı Edinim Bilgisi Ana Konular Alt Konular Yer Numarası Cilt Bilgisi Demirbaş Numarası Fatura Tarihi Geri Çekilme Durumu Kayıp Durumu Hasarlı Durumu Kredi için değil Kayıt Tarih Toplam Ödünçverme Son Görülme Tarihi Son Kontrol Tarihi Genel / Bağış Notu Maliyet, Alış Fiyatı Maliyet, Yenileme Fiyatı
Book Prof. Dr. Azmi Özcan Kütüphanesi Prof. Dr. Azmi Özcan Kütüphanesi Uluğbey Salonu Library of Congress Classification Bağış TARİHE YARDIMCI BİLİMLER Medeniyet Tarihi CB245 .S578 1995 v.II 0023554 14/12/2010         28/10/2010   05/12/2024 05/12/2024 Marmara Çağdaş Eğitim Vakfı    
Book Prof. Dr. Azmi Özcan Kütüphanesi Prof. Dr. Azmi Özcan Kütüphanesi Uluğbey Salonu Library of Congress Classification Bağış TARİHE YARDIMCI BİLİMLER Medeniyet Tarihi CB245 .S578 1995 v.I 0023576 14/12/2010         28/10/2010   05/12/2024 05/12/2024 Marmara Çağdaş Eğitim Vakfı 52.00 52.00